000 00973nam a22002417a 4500
005 20240305165406.0
007 cr|||| ||||
008 130307e2010 sp |||||s|||| 00||0 spa d
020 _a978-84-8454-983-3
035 _a7371
040 _avLex
090 _c3855
_d3855
100 1 0 _aUrteaga, Eguzki
245 1 4 _aLas relaciones laborales en Francia
_c/ Eguzki Urteaga
_h[Recurso electrónico]
256 _aServicio en línea
260 _aAlicante :
_bEditorial Club Universitario,
_c2010
300 _a1 Recurso electrónico
506 _dvLex Global
_dvLex Global (Academic Edition, excluding Law Schools)
_dvLex Global (U.S. Academic Edition, Law Schools)
_dvLex Global (U.S. Academic Edition, excluding Law Schools)
_dvLex Global (Academic Edition, Law Schools)
650 0 4 _aDerecho laboral y Seguridad Social
_zFrancia
740 _avLex Libros (Servicio en línea)
856 _aAcceso restringido
_uhttp://www.vlex.com/source/7371
942 _cRAA
999 _c162236
_d162236